Music Theory - Statistics

General Stats
  • This quiz has been taken 244 times
  • The average score is 7 of 15
Answer Stats
Question Answer % Correct
How many sharps does F# Minor have? 3
95%
Can the Chromatic Scale start on any note? Yes
95%
What note is a whole step above E? F#
94%
How many sharps does B Major have? 5
92%
How many flats does Gb Major have? 6
90%
What is Common Time? 4/4
89%
The Circle of Keys start with... C Major / A minor
43%
What is a note that is played so quickly along with the next note called? Grace Note
42%
How many beats does a dotted quarter note get? 1 1/2 beats
41%
What is another word for the end? Coda
28%
What does D.S. al Fine stand for? Dal Segno al Fine
5%
What does D.C. Al Fine stand for? Del Capo al Fine
5%
What is the first note called in a triad? The root
5%
What else are majors and minors with two names called? Enharmonic Keys
3%
What else are Group 4 Keys called? The Unusual Group
1%
No matching quizzes found
Score Distribution
Percent of People with Each Score
Percentile by Number Answered
Your Score History
You have not taken this quiz